| 000 | 00381nam a22001097a 4500 | ||
|---|---|---|---|
| 008 | 230612b xxu||||| |||| 00| 0 eng d | ||
| 082 |
_a354.676 _bGOK |
||
| 245 |
_a2011/2012 Estimates of Recurrent Expenditure of the Government of Kenya for the Year Ending 30th June 2012 _cGovernment of Kenya |
||
| 260 |
_aNairobi _bGovernment of Kenya _cJune 2011 |
||
| 300 | _a652 p | ||
| 942 |
_2ddc _cBK |
||
| 999 |
_c1048 _d1048 |
||